| 000 | 00504nam a2200193Ia 4500 | ||
|---|---|---|---|
| 003 | OSt | ||
| 005 | 20240503084529.0 | ||
| 008 | 230312s9999||||xx |||||||||||||| ||und|| | ||
| 020 | _a0-7295-3606-8 | ||
| 040 | _bEnglish | ||
| 082 |
_a339 _bSTO-P |
||
| 100 | _aStonecash, Robin. Gans, Joshu. King, Stephen | ||
| 245 | 0 | _aPrincipals of Macroeconomics | |
| 260 |
_bThomson _aAustralia _c2002 |
||
| 300 | _a19-16 | ||
| 546 | _aEng. | ||
| 650 |
_aEconomics _vintroduction, issues and data |
||
| 942 |
_cBK _2ddc |
||
| 999 |
_c2239 _d2239 |
||